[Event "SLO-ch U10"]
[Site "Murska Sobota"]
[Date "2006.03.03"]
[Round "9"]
[White "Karic, Amir"]
[Black "Opara, Jan"]
[Result "1/2-1/2"]
[WhiteElo "1500"]
[BlackElo "1500"]
[PlyCount "24"]
[EventDate "2006.02.26"]
[EventType "swiss"]
[EventRounds "9"]
[EventCountry "SLO"]
[SourceTitle "EXT 2009"]
[Source "ChessBase"]
[SourceDate "2008.11.26"]
[SourceVersion "1"]
[SourceVersionDate "2008.11.26"]
[SourceQuality "1"]

1. e4 e5 2. Nf3 Nc6 3. Bc4 Bc5 4. Nc3 Nf6 5. d3 d6 6. h3 Be6 7. Bb3 Qe7 8. Nb5 a6 9. Nc3 Bd4 10. Ne2 Bc5 11. d4 exd4 12. Nfxd4 Nxe4 1/2-1/2